| 000 | 00821nam a2200205 4500 | ||
|---|---|---|---|
| 005 | 20230921122848.0 | ||
| 010 | _aENG-137681 | ||
| 020 |
_a978939080494 _c200.00 |
||
| 035 | _aEN-121212 | ||
| 037 | _bDBAD/PUB | ||
| 082 | _a330.954 | ||
| 100 |
_aGupta .S.K. _957263 |
||
| 245 |
_aIssues of Indian Economy: _bAs per new Syllabus of Rajiv Gandhi University For B.A. (Hons.) Economics semester-IV/ _cBy S.K.Gupta ,D.D. Chaturvedi & Noopur Saxena |
||
| 260 |
_a4655\21 ,Ansari Road (G.F.) Daryaganj, New Delhi-110002 _bKitab Mahal Publishers _c2023 |
||
| 270 |
_aA-403 Raj Niwas Residency , 22-A ,Sarojini Naidu Marg _bAllahabad _e211001 _k7355431617 , 9350075776 |
||
| 300 |
_a294p. _c21cm(pbk) |
||
| 700 |
_aChaturvedi,D.D. _957264 |
||
| 700 |
_aSaxena,Noopur _957265 |
||
| 942 |
_2ddc _cEN _mGUP _h330.954 |
||
| 999 |
_c196859 _d196859 |
||